Central Library OPAC University of Rajshahi

A statistical model for the Greek economy 1949-1959 / (Record no. 42893)

MARC details
000 -LEADER
fixed length control field 00809nam a2200241 a 4500
001 - CONTROL NUMBER
control field 42893
003 - CONTROL NUMBER IDENTIFIER
rucl marc code BD-RjUL
005 - DATE AND TIME OF LATEST TRANSACTION
control field 20211209053618.0
008 - FIXED-LENGTH DATA ELEMENTS--GENERAL INFORMATION
fixed length control field 160616s1966 ne a b 001 0 eng d
035 ## - SYSTEM CONTROL NUMBER
System control number (BD-RjUL)43011
040 ## - CATALOGING SOURCE
Original cataloging agency DLC
Transcribing agency DLC
Modifying agency EQO
-- BD-RjUL
Language of cataloging eng
041 ## - LANGUAGE CODE
Language code of text/sound track or separate title eng
082 ## - DEWEY DECIMAL CLASSIFICATION NUMBER
Classification number 330.9495
Edition number 23
Author mark and year PAS 1966
100 10 - MAIN ENTRY--PERSONAL NAME
Personal name Pavlopoulos, P.
9 (RLIN) 131747
245 12 - TITLE STATEMENT
Title A statistical model for the Greek economy 1949-1959 /
Statement of responsibility, etc. by P. Pavlopoulos.
260 ## - PUBLICATION, DISTRIBUTION, ETC. (IMPRINT)
Place of publication, distribution, etc. Amsterdam :
Name of publisher, distributor, etc. North-Holland Pub. Co,
Date of publication, distribution, etc. 1966.
300 ## - PHYSICAL DESCRIPTION
Pagination xi, 333 p. :
Illustrations ill. ;
Size 23 cm.
490 1# - SERIES STATEMENT
Series statement Contributions to economic analysis ;
Volume/sequential designation 44
504 ## - BIBLIOGRAPHY, ETC. NOTE
Bibliography, etc Include index and bibliography.
651 #0 - SUBJECT ADDED ENTRY--GEOGRAPHIC NAME
Geographic name Greece
General subdivision Economic conditions
-- Econometric models
9 (RLIN) 131748
830 #0 - SERIES ADDED ENTRY--UNIFORM TITLE
Uniform title Contributions to economic analysis ;
Volume number/sequential designation 44
942 ## - ADDED ENTRY ELEMENTS (KOHA)
Source of classification or shelving scheme Dewey Decimal Classification
Koha item type Books
Holdings
Lost status Source of classification or shelving scheme Damaged status Not for loan Collection code Permanent Location Current Location Shelving location Date acquired Source of acquisition Cost, normal purchase price Total Checkouts Full call number Date last seen Copy number Koha item type
  Dewey Decimal Classification     Non-fiction Central Library, University of Rajshahi Central Library, University of Rajshahi   29/04/1969 Book center, Lahor 78.75   330.9495 PAS 1966 16/06/2016 C-2 Books
  Dewey Decimal Classification     Non-fiction Central Library, University of Rajshahi Central Library, University of Rajshahi   02/08/1973 Mitali Prak. 171.00   330.9495 PAS 1966 16/06/2016 C-3 Books
  Dewey Decimal Classification     Non-fiction Central Library, University of Rajshahi Central Library, University of Rajshahi   31/03/1979 Netherland     330.9495 PAS 1966 03/09/2016 C-4 Books